Länder, die Atomwaffen besitzen oder lagern (mit Karte) - Statistiken

Allgemein
  • Dieses Quiz wurde 89 mal gespielt
  • Das Durchschnittsergebnis liegt bei 12 aus 14
Antworten auf der Karte
Die Antworten werden auf der Karte rot bzw. grün angezeigt, abhängig davon wie oft sie richtig erraten wurden.
 
Antwortstatistiken
Antwort % Korrekt
Vereinigte Staaten
100%
China
99%
Frankreich
99%
Indien
99%
Russland
99%
Vereinigtes Königreich
96%
Nordkorea
95%
Deutschland
90%
Pakistan
88%
Israel
81%
Italien
81%
Türkei
75%
Belgien
60%
Niederlande
60%
Keine übereinstimmenden Quizze gefunden
Verteilung der Resultate
Anzahl Personen mit jedem Resultat
Perzentil nach korrekt beantworteten Fragen
Ihre Resultats-Entwicklung
Sie haben dieses Quiz noch nicht gespielt